| 000 | 00754nam a22002417a 4500 | ||
|---|---|---|---|
| 999 |
_c7515 _d7515 |
||
| 001 | 21179 | ||
| 003 | BD-DhUAP | ||
| 005 | 20210123161121.0 | ||
| 008 | 201124r20102009nyua b 001 0 eng d | ||
| 020 | _a9788131729526 | ||
| 040 |
_aDNLM/DLC _cDLC _dBD-DhUAP _bEng |
||
| 082 | 0 | 0 |
_223 _a005 LIN |
| 100 | _aLin, Calvin. | ||
| 245 |
_aPrinciples of parallel programming / _cCalvin Lin and Lawrence Snyder. |
||
| 250 | _a11th ed. | ||
| 260 |
_aNew Delhi : _bPearson, _cc2010. |
||
| 300 |
_axii, 338 pages : _billustrations ; _c27 cm. |
||
| 504 | _aIncludes bibliographical references and index. | ||
| 650 | _aParallel programming (Computer science). | ||
| 700 | _aSnyder, Lawrence. | ||
| 942 | 0 | 0 |
_01 _2ddc _cBK |